Dinos - du mal à te dire feat Damso - Statistiques

Statistiques générales
  • Ce quiz a été pris 645 fois
  • Le résultat moyen est 319 sur 464
Statistiques - réponses
Hint Réponse % Correct
a
96%
à
96%
ma
96%
de
95%
te
93%
Refrain J'ai
91%
j'ai
91%
le
91%
dire
90%
du
90%
me
90%
pas
90%
au
89%
mal
88%
Quand
88%
quand
88%
des
87%
Et
86%
et
86%
la
86%
en
85%
par
85%
je
84%
mer
84%
que
84%
coeur
83%
my
82%
sur
82%
toi
82%
volant
82%
il
81%
Mercedes
81%
mieux
81%
J'suis
80%
j'suis
80%
plus
80%
c'que
79%
juste
79%
qui
79%
comme
78%
Comme
78%
J'me
78%
j'me
78%
On
78%
on
78%
sens
78%
même
77%
d'la
76%
Pré-refrain ( Dinos ) Les
76%
les
76%
sans
76%
voir
75%
ailleurs
74%
ça
74%
Ça
74%
gens
74%
envie
73%
Couplet 2 ( Damso ) J'avais
73%
remords
73%
Tu
73%
tu
73%
Maintenant
72%
mais
72%
Mais
72%
vie
72%
argent
71%
avancer
71%
j'allais
71%
j'vais
71%
manger
71%
nulle
71%
sont
71%
tort
71%
Couplet 1 ( Dinos ) Y'a
71%
y'a
71%
ils
70%
j'peux
70%
part
70%
d'toi
69%
nous
69%
font
68%
j'veux
68%
étrangers
67%
parents
67%
si
67%
Si
67%
nos
66%
ont
66%
s'connaissent
66%
grandi
65%
pour
65%
s'excusent
65%
t'soulever
65%
bled
64%
moi
64%
ne
64%
sous
64%
d'étrangers
63%
l'amour
61%
L'amour
61%
ta
61%
bourré
59%
donc
59%
avant
58%
Ferrari
58%
fils
58%
J't'ai
58%
pute
58%
temps
58%
trompé
58%
un
58%
bander
57%
j'voulais
57%
complètement
56%
voulais
56%
l'enlever
55%
chanson
54%
mat
54%
nudes
54%
passe
54%
pension
54%
études
53%
mes
53%
rupture
53%
sous-vêtement
53%
couvre-feu
52%
d'enfants
52%
honnêtement
52%
Marie
52%
n'vois
52%
Parce
52%
rapper
52%
sera
52%
Bébé
51%
cas
51%
J'connais
51%
m'fait
51%
Qu'j'avais
51%
testament
51%
autrui
50%
derrière
50%
d'ja
50%
est
50%
feux
50%
garde
50%
j'dis
50%
payer
50%
réconfort
50%
élevé
49%
fait
49%
qu'en
49%
trop
49%
dangereux
48%
J'grille
48%
mama
48%
mort
48%
souvenirs
48%
devenu
47%
qu't'es
46%
revenir
46%
s'mette
46%
J'n'aurai
45%
laissant
45%
t'évader
45%
baby
44%
Ben Laden
44%
faisait
44%
j'devrais
44%
n'fera
44%
non
44%
démarrer
43%
J'cherche
43%
j'étais
43%
penser
43%
p'tits
42%
t'aime
42%
thunes
42%
j'm'en
41%
mille
41%
2h
40%
danser
40%
qu'il
40%
rue
40%
qu'dans
39%
Pont ( Dinos ) Vingt
39%
Alléluia
35%
avec
35%
Pont 2 ( Dinos ) Dormi
35%
dormi
35%
Personne
34%
savent
34%
indispensable
33%
irremplaçable
33%
moins
33%
qu'avant
33%
longtemps
32%
n'est
32%
tête
32%
peux
31%
vice
31%
Oh
30%
savants
30%
c'est
29%
heureux
29%
ignorants
29%
J'pense
29%
j'pense
29%
tellement
29%
toujours
29%
tout
29%
J'te
28%
questions
28%
t'as
28%
belle
27%
réponses
27%
mauvaises
26%
God
25%
changer
24%
trouve
24%
qu'j'n'ai
23%
compte
22%
façon
22%
ira
21%
rends
21%
aux
20%
mensonges
20%
face
19%
lieues
19%
réagir
18%
Seigneur
18%
Aucun quiz correspondant
Distribution des résultats
% des personnes avec chaque résultat
Percentile par nombre de réponses
Votre historique - résultats
Vous n’avez pas pris ce quiz